Ocean sunlight : (Record no. 658)

MARC details
000 -LEADER
fixed length control field 01283nam a22003017a 4500
005 - DATE AND TIME OF LATEST TRANSACTION
control field 20231204113906.0
020 ## - INTERNATIONAL STANDARD BOOK NUMBER
International Standard Book Number 9780545273220 (hardcover : alk. paper)
020 ## - INTERNATIONAL STANDARD BOOK NUMBER
International Standard Book Number 9780545556088
040 ## - CATALOGING SOURCE
Original cataloging agency DLC
Transcribing agency DLC
Modifying agency DLC
Language of cataloging eng
050 00 - LIBRARY OF CONGRESS CALL NUMBER
Classification number QH515
Item number .B26 2012
082 00 - DEWEY DECIMAL CLASSIFICATION NUMBER
Classification number 571.4/55
Edition number 23
100 1# - MAIN ENTRY--PERSONAL NAME
Personal name Bang, Molly
Relator term author
-- illustrator
245 10 - TITLE STATEMENT
Title Ocean sunlight :
Remainder of title how tiny plants feed the seas /
Statement of responsibility, etc. by Molly Bang and Penny Chisholm ; illustrated by Molly Bang.
260 ## - PUBLICATION, DISTRIBUTION, ETC.
Place of publication, distribution, etc. New York :
Name of publisher, distributor, etc. Scholastic,
Date of publication, distribution, etc. 2012
300 ## - PHYSICAL DESCRIPTION
Extent 48 unnumbered pages :
Other physical details color illustrations ;
Dimensions 28 cm
505 ## - FORMATTED CONTENTS NOTE
Formatted contents note M <br/>
520 ## - SUMMARY, ETC.
Summary, etc. Explains how all life on the Earth depends, directly or indirectly, on light from the sun, and describes how all ocean life, from the tiniest plankton to great whales, including the creatures in the darkest depths, form a web that uses sunshine.
521 ## - TARGET AUDIENCE NOTE
Target audience note 670 <br/>
Source Lexile <br/>
521 ## - TARGET AUDIENCE NOTE
Target audience note M <br/>
Source Raz-Plus <br/>
650 #0 - SUBJECT ADDED ENTRY--TOPICAL TERM
Topical term or geographic name entry element Photobiology
Form subdivision Juvenile literature.
650 #0 - SUBJECT ADDED ENTRY--TOPICAL TERM
Topical term or geographic name entry element Marine animals
General subdivision Effect of light on
Form subdivision Juvenile literature.
650 #0 - SUBJECT ADDED ENTRY--TOPICAL TERM
Topical term or geographic name entry element Plants
General subdivision Effect of light on
Form subdivision Juvenile literature.
650 #0 - SUBJECT ADDED ENTRY--TOPICAL TERM
Topical term or geographic name entry element Sunshine
Form subdivision Juvenile literature.
700 1# - ADDED ENTRY--PERSONAL NAME
Personal name Chisholm, Penny
Relator term coauthor
906 ## - LOCAL DATA ELEMENT F, LDF (RLIN)
a 7
b cbc
c orignew
d 1
e ecip
f 20
g y-gencatlg
942 ## - ADDED ENTRY ELEMENTS (KOHA)
Source of classification or shelving scheme Dewey Decimal Classification
Koha item type Books
Suppress in OPAC No
999 ## -
-- 658
-- 658
Holdings
Withdrawn status Lost status Source of classification or shelving scheme Damaged status Not for loan Collection Home library Current library Shelving location Date acquired Total Checkouts Full call number Barcode Date last seen Date last checked out Copy number Price effective from Koha item type
    Dewey Decimal Classification     Non-Fiction Footprints International School Library Network Toul Kork Campus Footprints International School Library Network Toul Kork Campus TK Primary Library Room(4th Floor), Bookcase 5&6, Shelves 33-56, Orange Books 06/28/2023 1 BAN 571.4/55 QH515.B26 FISTK02037 04/03/2026 03/20/2026 1 06/28/2023 Books
    Dewey Decimal Classification     Non-Fiction Footprints International School Library Network Toul Kork Campus Footprints International School Library Network Toul Kork Campus TK Primary Library Room(4th Floor), Bookcase 5&6, Shelves 33-56, Orange Books 06/28/2023 4 BAN 571.4/55 QH515.B26 FISBK06199 03/18/2026 03/04/2026 2 06/28/2023 Books
    Dewey Decimal Classification     Non-Fiction Footprints International School Library Network Toul Kork Campus Footprints International School Library Network Toul Kork Campus   06/28/2023 2 BAN 571.4/55 QH515.B26 FIS01932 03/06/2024 01/22/2024 3 06/28/2023 Books